| 000 | 00656nam a2200289Ia 4500 | ||
|---|---|---|---|
| 003 | OSt | ||
| 005 | 20160901154052.0 | ||
| 008 | 151016s9999 xx 000 0 und d | ||
| 020 | _a9.7816809403e+012 | ||
| 040 | _cLIC | ||
| 082 | _aDC 658.8 | ||
| 082 | _bM368 | ||
| 100 | _aMarshall, Jemarcus | ||
| 245 | _aMarketing management/ | ||
| 245 | _cJemarcus Marshall | ||
| 260 | _aNew York | ||
| 260 | _bArcler Press LLC | ||
| 260 | _cc2015 | ||
| 300 | _a260 pages; | ||
| 300 | _billustrated | ||
| 300 | _c27 cm. | ||
| 504 | _aIncludes index. | ||
| 650 | _aMarketing | ||
| 650 | _xmanagement | ||
| 700 | _aLiam Babicka | ||
| 942 |
_aDDC _2ddc _cDC |
||
| 999 |
_c91 _d91 |
||